000 00990 a2200241 4500
999 _c10476
_d10476
020 _a9781409420705 (hardcover : alk. paper)
020 _a1409420701 (hardcover : alk. paper)
050 0 0 _aML3849. riv 2014
100 _a Rubin, James Henry
_deditor
245 0 0 _aRival sisters, art and music at the birth of modernism, 1815-1915 /
_cedited by James H. Rubin and Olivia Mattis.
264 1 _aFarnham, Surrey ;
_aBurlington, VT :
_bAshgate,
_c2014
300 _axiv, 389 pages :
_billustrations ;
500 _aIncludes bibliographical references (pages 313-368) and index.
504 _aIncludes bibliographical references (pages 313-368) and index.
650 0 _aArt and music
_xHistory
650 0 _aArt and music
_xHistory
650 0 _aModernism (Art)
_xHistory
650 0 _aModernism (Music)
_xHistory
700 1 _aRubin, James Henry,
_eeditor.
700 1 _aMattis, Olivia,
_eeditor.
942 _2lcc
_cBK
_h3849
_iRIV
_kML